00363nam a2200133Ia 45000030006000000080041000060400015000471000024000622450050000862600058001363000006001945460012002000050017002120STCL150530s9999 xx 000 0 und d aSTCLcSTCL aKrishnamurthy, S.S. aJournal of Chemical Sciences Vol.119 May 2007 bIndian Academy of Science; Bangalorec2007aBangalore a0 aEnglish20220125165843.0